Rozsypanka literowa - owoce - Statystyki

Ogólne statystyki
  • Ten quiz został rozwiązany 1 800 razy
  • Średni wynik to 18 z 24
Statystyki odpowiedzi
Rozsypanka Odpowiedź % Poprawnych
łakojb jabłko
99%
ikiw kiwi
99%
anabn banan
97%
ajpapa papaja
94%
ksoko kokos
93%
kowoada awokado
92%
zargusk gruszka
92%
nsaana ananas
91%
mzańproaca pomarańcza
90%
gnronowio winogrono
90%
izcli liczi
88%
bókoraw borówka
87%
bazur arbuz
86%
ganom mango
86%
adamkanryn mandarynka
82%
natgar granat
76%
eamrol morela
67%
kldaty daktyl
66%
lmaian malina
65%
isarkizabow brzoskwinia
59%
awuga guawa
58%
wkakusrta truskawka
55%
amotidecanrwy tamaryndowiec
4%
opult pluot
3%
Nie znaleziono quizów pasujących do podanych kryteriów
Rozkład punktacji
Procent ludzi z każdym wynikiem
Percentyl według liczby udzielonych odpowiedzi
Twoja historia wyników
Nie rozwiązałeś tego quizu